000 00914nam a22002891 4500
001 34760
003 BD-RjUL
005 20211209052216.0
008 140519r19471935enk 000 0 eng d
035 _a(BD-RjUL)
040 _aDLC
_cOCl
_dDLC
_dBD-RjUL
_beng
041 _aeng
082 0 0 _a396
_bWOW 1947
100 1 _aWolfe, W. Béran
_q(Walter Béran),
_d1900-1935.
_944956
245 1 2 _aA woman's best years :
_bthe art of staying young /
_cby W. Béran Wolfe
260 _aLondon :
_bRoutledge,
_c1947.
300 _axii, 275 p. ;
_c22 cm.
500 _aAt head of title: By W. Béran Wolfe.
500 _a"Third printing January 19, 1935."
650 0 _aWomen
_xSocial and moral questions.
_9105779
650 0 _aWomen
_xHealth and hygiene.
_9105780
650 0 _aMiddle age.
_920096
740 3 _aThe art of staying young.
942 _2ddc
_cBK
999 _c34760
_d34760